000
00296nam a22001337a 4500
008
171009b xxu||||| |||| 00| 0 eng d
020
_a
0898854210
041
_a
eng
080
_a
159.9
100
_a
49
101
_a
PSI
245
_a
ARNOLD THEMES HIS WORK
_c
AMES.L.B
942
_2
udc
_c
BK
999
_c
32538
_d
32538